<?xml version="1.0" encoding="UTF-8"?>
<record
    xmlns:xsi="http://www.w3.org/2001/XMLSchema-instance"
    xsi:schemaLocation="http://www.loc.gov/MARC21/slim http://www.loc.gov/standards/marcxml/schema/MARC21slim.xsd"
    xmlns="http://www.loc.gov/MARC21/slim">

  <leader>02328nam0a2200397 i 4500</leader>
  <controlfield tag="001">RU\NLR\bibl\1891000</controlfield>
  <controlfield tag="005">20241104064507.0</controlfield>
  <datafield tag="010" ind1=" " ind2=" ">
    <subfield code="a">9785750112975</subfield>
    <subfield code="9">150</subfield>
  </datafield>
  <datafield tag="021" ind1=" " ind2=" ">
    <subfield code="a">RU</subfield>
    <subfield code="b">2012-20881</subfield>
    <subfield code="9">1578</subfield>
  </datafield>
  <datafield tag="035" ind1=" " ind2=" ">
    <subfield code="a">(nilc)RSL-KNO-005413493</subfield>
  </datafield>
  <datafield tag="035" ind1=" " ind2=" ">
    <subfield code="a">(NLR Aleph) 001880690</subfield>
  </datafield>
  <datafield tag="090" ind1=" " ind2=" ">
    <subfield code="a">2786660</subfield>
    <subfield code="c">2786660</subfield>
  </datafield>
  <datafield tag="100" ind1=" " ind2=" ">
    <subfield code="a">20120402d2011    k  y0rusy50      ca</subfield>
  </datafield>
  <datafield tag="101" ind1="0" ind2=" ">
    <subfield code="a">rus</subfield>
  </datafield>
  <datafield tag="102" ind1=" " ind2=" ">
    <subfield code="a">RU</subfield>
  </datafield>
  <datafield tag="105" ind1=" " ind2=" ">
    <subfield code="a">a   |||||||||</subfield>
  </datafield>
  <datafield tag="200" ind1="1" ind2=" ">
    <subfield code="a">&#x41E;&#x446;&#x435;&#x43D;&#x43A;&#x430; &#x440;&#x438;&#x441;&#x43A;&#x430; &#x437;&#x434;&#x43E;&#x440;&#x43E;&#x432;&#x44C;&#x44E; &#x43D;&#x430;&#x441;&#x435;&#x43B;&#x435;&#x43D;&#x438;&#x44F;, &#x43F;&#x440;&#x43E;&#x436;&#x438;&#x432;&#x430;&#x44E;&#x449;&#x435;&#x433;&#x43E; &#x432; &#x443;&#x441;&#x43B;&#x43E;&#x432;&#x438;&#x44F;&#x445; &#x441;&#x43E;&#x447;&#x435;&#x442;&#x430;&#x43D;&#x43D;&#x43E;&#x433;&#x43E; &#x431;&#x438;&#x43E;&#x43B;&#x43E;&#x433;&#x438;&#x447;&#x435;&#x441;&#x43A;&#x43E;&#x433;&#x43E; &#x438; &#x445;&#x438;&#x43C;&#x438;&#x447;&#x435;&#x441;&#x43A;&#x43E;&#x433;&#x43E; &#x437;&#x430;&#x433;&#x440;&#x44F;&#x437;&#x43D;&#x435;&#x43D;&#x438;&#x44F; &#x43D;&#x430; &#x43F;&#x440;&#x438;&#x43C;&#x435;&#x440;&#x435; &#x411;&#x430;&#x448;&#x43A;&#x438;&#x440;&#x441;&#x43A;&#x43E;&#x433;&#x43E; &#x431;&#x438;&#x43E;&#x445;&#x438;&#x43C;&#x43A;&#x43E;&#x43C;&#x431;&#x438;&#x43D;&#x430;&#x442;&#x430;</subfield>
    <subfield code="f">&#x410;.&#x411;. &#x411;&#x430;&#x43A;&#x438;&#x440;&#x43E;&#x432;, &#x420;.&#x410;. &#x421;&#x443;&#x43B;&#x435;&#x439;&#x43C;&#x430;&#x43D;&#x43E;&#x432;, &#x418;.&#x413;. &#x410;&#x431;&#x434;&#x443;&#x43B;&#x43D;&#x430;&#x433;&#x438;&#x43C;&#x43E;&#x432;</subfield>
    <subfield code="g">&#x410;&#x43A;&#x430;&#x434;. &#x43D;&#x430;&#x443;&#x43A; &#x420;&#x435;&#x441;&#x43F;. &#x411;&#x430;&#x448;&#x43A;&#x43E;&#x440;&#x442;&#x43E;&#x441;&#x442;&#x430;&#x43D;, &#x41E;&#x442;&#x434;-&#x43D;&#x438;&#x435; &#x431;&#x438;&#x43E;&#x43B;., &#x43C;&#x435;&#x434;. &#x438; &#x441;.-&#x445;. &#x43D;&#x430;&#x443;&#x43A;, &#x424;&#x411;&#x423;&#x41D; "&#x423;&#x444;&#x438;&#x43C;. &#x41D;&#x418;&#x418; &#x43C;&#x435;&#x434;&#x438;&#x446;&#x438;&#x43D;&#x44B; &#x442;&#x440;&#x443;&#x434;&#x430; &#x438; &#x44D;&#x43A;&#x43E;&#x43B;&#x43E;&#x433;&#x438;&#x438; &#x447;&#x435;&#x43B;&#x43E;&#x432;&#x435;&#x43A;&#x430;"</subfield>
  </datafield>
  <datafield tag="210" ind1=" " ind2=" ">
    <subfield code="a">&#x423;&#x444;&#x430;</subfield>
    <subfield code="c">&#x413;&#x438;&#x43B;&#x435;&#x43C;</subfield>
    <subfield code="d">2011</subfield>
  </datafield>
  <datafield tag="215" ind1=" " ind2=" ">
    <subfield code="a">279 &#x441;.</subfield>
    <subfield code="c">&#x438;&#x43B;.</subfield>
    <subfield code="d">21</subfield>
  </datafield>
  <datafield tag="300" ind1=" " ind2=" ">
    <subfield code="a">&#x41D;&#x430; 4-&#x439; &#x441;. &#x43E;&#x431;&#x43B;. &#x430;&#x432;&#x442;.: &#x411;&#x430;&#x43A;&#x438;&#x440;&#x43E;&#x432; &#x410;.&#x411;., &#x434;.&#x43C;.&#x43D;., &#x43F;&#x440;&#x43E;&#x444;., &#x447;&#x43B;.-&#x43A;&#x43E;&#x440;. &#x410;&#x43A;&#x430;&#x434;. &#x43D;&#x430;&#x443;&#x43A; &#x420;&#x411;, &#x437;&#x430;&#x441;&#x43B;. &#x434;&#x435;&#x44F;&#x442;. &#x43D;&#x430;&#x443;&#x43A;&#x438; &#x420;&#x411;, &#x437;&#x430;&#x441;&#x43B;. &#x432;&#x440;&#x430;&#x447; &#x420;&#x411; &#x438; &#x420;&#x424;, &#x421;&#x443;&#x43B;&#x435;&#x439;&#x43C;&#x430;&#x43D;&#x43E;&#x432; &#x420;.&#x410;., &#x434;.&#x43C;.&#x43D;., &#x43F;&#x440;&#x43E;&#x444;., &#x410;&#x431;&#x434;&#x443;&#x43B;&#x43D;&#x430;&#x433;&#x438;&#x43C;&#x43E;&#x432; &#x418;.&#x413;., &#x43A;.&#x43C;.&#x43D;.</subfield>
  </datafield>
  <datafield tag="320" ind1=" " ind2=" ">
    <subfield code="a">&#x411;&#x438;&#x431;&#x43B;&#x438;&#x43E;&#x433;&#x440;.: &#x441;. 231-257 (300 &#x43D;&#x430;&#x437;&#x432;.)</subfield>
  </datafield>
  <datafield tag="606" ind1="1" ind2=" ">
    <subfield code="a">&#x420;&#x430;&#x431;&#x43E;&#x442;&#x43D;&#x438;&#x43A;&#x438; &#x43C;&#x438;&#x43A;&#x440;&#x43E;&#x431;&#x438;&#x43E;&#x43B;&#x43E;&#x433;&#x438;&#x447;&#x435;&#x441;&#x43A;&#x43E;&#x433;&#x43E; &#x43F;&#x440;&#x43E;&#x438;&#x437;&#x432;&#x43E;&#x434;&#x441;&#x442;&#x432;&#x430; &#x431;&#x435;&#x43B;&#x43A;&#x43E;&#x432;&#x44B;&#x445; &#x43A;&#x43E;&#x440;&#x43C;&#x43E;&#x432;</subfield>
    <subfield code="x">&#x417;&#x434;&#x43E;&#x440;&#x43E;&#x432;&#x44C;&#x435;</subfield>
    <subfield code="9">2122887</subfield>
    <subfield code="3">RU\NLR\auth\661585416</subfield>
  </datafield>
  <datafield tag="606" ind1=" " ind2=" ">
    <subfield code="a">&#x417;&#x434;&#x43E;&#x440;&#x43E;&#x432;&#x44C;&#x435;</subfield>
    <subfield code="x">&#x412;&#x43B;&#x438;&#x44F;&#x43D;&#x438;&#x435; &#x437;&#x430;&#x433;&#x440;&#x44F;&#x437;&#x43D;&#x435;&#x43D;&#x438;&#x44F; &#x43E;&#x43A;&#x440;&#x443;&#x436;&#x430;&#x44E;&#x449;&#x435;&#x439; &#x441;&#x440;&#x435;&#x434;&#x44B;</subfield>
    <subfield code="9">2227844</subfield>
    <subfield code="3">RU\NLR\auth\661337331</subfield>
  </datafield>
  <datafield tag="686" ind1=" " ind2=" ">
    <subfield code="a">&#x420;121.2,0</subfield>
    <subfield code="2">rubbk</subfield>
  </datafield>
  <datafield tag="686" ind1=" " ind2=" ">
    <subfield code="a">&#x420;124.519</subfield>
  </datafield>
  <datafield tag="686" ind1=" " ind2=" ">
    <subfield code="a">&#x420;121.1</subfield>
  </datafield>
  <datafield tag="700" ind1=" " ind2="1">
    <subfield code="4">070</subfield>
    <subfield code="7">ca</subfield>
    <subfield code="8">rus</subfield>
    <subfield code="a">&#x411;&#x430;&#x43A;&#x438;&#x440;&#x43E;&#x432;</subfield>
    <subfield code="b">&#x410;. &#x411;.</subfield>
    <subfield code="f">1952-</subfield>
    <subfield code="g">&#x410;&#x445;&#x430;&#x442; &#x411;&#x430;&#x440;&#x438;&#x435;&#x432;&#x438;&#x447;</subfield>
    <subfield code="9">77243</subfield>
    <subfield code="3">RU\NLR\auth\7794317</subfield>
  </datafield>
  <datafield tag="701" ind1=" " ind2="1">
    <subfield code="a">&#x421;&#x443;&#x43B;&#x435;&#x439;&#x43C;&#x430;&#x43D;&#x43E;&#x432;</subfield>
    <subfield code="b">&#x420;. &#x410;.</subfield>
    <subfield code="g">&#x420;&#x430;&#x444;&#x430;&#x438;&#x43B; &#x410;&#x43D;&#x432;&#x430;&#x440;&#x43E;&#x432;&#x438;&#x447;</subfield>
    <subfield code="4">070</subfield>
  </datafield>
  <datafield tag="701" ind1=" " ind2="1">
    <subfield code="a">&#x410;&#x431;&#x434;&#x443;&#x43B;&#x43D;&#x430;&#x433;&#x438;&#x43C;&#x43E;&#x432;</subfield>
    <subfield code="b">&#x418;. &#x413;.</subfield>
    <subfield code="g">&#x418;&#x440;&#x435;&#x43A; &#x413;&#x430;&#x431;&#x434;&#x443;&#x43B;&#x445;&#x430;&#x43A;&#x43E;&#x432;&#x438;&#x447;</subfield>
    <subfield code="4">070</subfield>
  </datafield>
  <datafield tag="801" ind1=" " ind2="0">
    <subfield code="a">RU</subfield>
    <subfield code="b">RuMoRKP</subfield>
    <subfield code="c">20120402</subfield>
    <subfield code="g">rcr</subfield>
  </datafield>
  <datafield tag="801" ind1=" " ind2="1">
    <subfield code="a">RU</subfield>
    <subfield code="b">&#x420;&#x413;&#x411;</subfield>
    <subfield code="c">20120402</subfield>
  </datafield>
  <datafield tag="801" ind1=" " ind2="2">
    <subfield code="a">RU</subfield>
    <subfield code="b">NLR</subfield>
    <subfield code="c">20120410</subfield>
    <subfield code="g">rcr</subfield>
  </datafield>
  <datafield tag="830" ind1=" " ind2=" ">
    <subfield code="a">&#x430;&#x432;&#x442;. &#x43F;&#x43E; &#x43A;&#x43D;.</subfield>
  </datafield>
  <datafield tag="942" ind1=" " ind2=" ">
    <subfield code="c">BOOK</subfield>
  </datafield>
  <datafield tag="980" ind1=" " ind2=" ">
    <subfield code="a">NBR</subfield>
  </datafield>
</record>
